|
|
|
|
| LEADER |
00000cam a2200000 7i4500 |
| 001 |
0000001133 |
| 005 |
20021118093000.0 |
| 008 |
021118n |
| 020 |
|
|
|a 9679422585
|
| 090 |
0 |
0 |
|a QA76.6
|b .Z25
|
| 100 |
0 |
|
|a Zainul Abidin Md. Shariff ,
|e author
|
| 245 |
0 |
0 |
|a Pengenalan mikrokomputer
|c Zainul Abidin Md. Shariff, Mohd. Asri Ibrahim, Normah Jantan
|
| 250 |
|
|
|a Ed. ke-2
|
| 260 |
2 |
|
|a Bangi :
|b Penerbit Universiti Kebangsaan Malaysia ,
|c 1993
|
| 300 |
|
|
|a 88 ms. ; ;
|c 23 sm.
|
| 504 |
|
|
|a Mengandungi indeks
|
| 650 |
|
0 |
|a Microcomputers
|x Programming
|
| 700 |
0 |
|
|a Muhammad Asri Ibrahim ,
|e author
|
| 700 |
0 |
|
|a Normah Jantan ,
|e author
|
| 999 |
|
|
|a 1000000123
|b Book
|c Close Access
|e Tembila Campus
|
| 999 |
|
|
|a 1000053909
|b Book
|c Close Access
|e Tembila Campus
|
| 999 |
|
|
|a 1000053910
|b Book
|c Close Access
|e Tembila Campus
|
| 999 |
|
|
|a 1000053913
|b Book
|c Close Access
|e Tembila Campus
|